11 Capitales à retrouver - Statistiques

Statistiques générales
  • Ce quiz a été pris 245 fois
  • Le résultat moyen est 8 sur 11
Statistiques - réponses
Réponse % Correct
Ottawa
100%
Téhéran
92%
Nairobi
90%
Skopje
88%
Islamabad
85%
Amman
79%
Niamey
68%
Windhoek
66%
Gaborone
59%
Honiara
41%
Washington
31%
Aucun quiz correspondant
Distribution des résultats
% des personnes avec chaque résultat
Percentile par nombre de réponses
Votre historique - résultats
Vous n’avez pas pris ce quiz